LEADER 00817nam0-22003011i-450- 001 990003345500403321 005 20080516112141.0 010 $a0-582-53804-1 035 $a000334550 035 $aFED01000334550 035 $a(Aleph)000334550FED01 035 $a000334550 100 $a20030910d1977----km-y0itay50------ba 101 0 $aeng 105 $ay-------001yy 200 1 $aBeowulf$fretold by Gordon Walsh$gillustrated by Michael Carlton 210 $aHarlow$cLongman$d1977 225 1 $aLongman structural readers 676 $a807 700 1$aWalsh,$bGordon$0103168 701 1$aCarlton,$bMichael$0428815 801 0$aIT$bUNINA$gRICA$2UNIMARC 901 $aBK 912 $a990003345500403321 952 $a807 WAL$bLINGUE 2276$fDECLI 959 $aDECLI 996 $aBeowulf$9442668 997 $aUNINA LEADER 01336nam 2200373z- 450 001 9910694335903321 005 20141115080349.0 035 $a(CKB)4920000000817485 035 $a(BIP)016449204 035 $a(EXLCZ)994920000000817485 100 $a20220316c2007uuuu -u- - 101 0 $aeng 200 10$aU.S. / Mexican trucking $esafety and the cross-border demonstration project : hearing before the Subcommittee on Highways and Transit of the Committee on Transportation and Infrastructure, House of Representatives, One Hundred Tenth Congress, first session, March 13, 2007 215 $a1 online resource (v, 327 p.) $cill 311 $a0-16-079450-1 517 $aU.S./Mexican Trucking 606 $aTrucking$zUnited States$xSafety measures 606 $aTrucking$zMexico$xSafety measures 606 $aTrucks$xStandards$zMexico$xEvaluation 607 $aUnited States$xCommerce$zMexico 607 $aMexico$xCommerce$zUnited States 610 $aUnited States 610 $aTrucking 610 $aMexico 610 $aTrucks 610 $aBusiness & economics 610 $aTransportation 615 0$aTrucking$xSafety measures. 615 0$aTrucking$xSafety measures. 615 0$aTrucks$xStandards$xEvaluation. 906 $aBOOK 912 $a9910694335903321 996 $aUS$9712200 997 $aUNINA